header

Writing for publication (Record no. 883)

MARC details
000 -LEADER
fixed length control field 01317nam a2200349Ia 4500
100 1# - MAIN ENTRY--AUTHOR NAME
Personal name Epstein, Debbie,
245 10 - TITLE STATEMENT
Title Writing for publication
260 ## - PUBLICATION, DISTRIBUTION, ETC. (IMPRINT)
Place of publication London :
Name of publisher Sage,
Year of publication 2005.
300 ## - PHYSICAL DESCRIPTION
Number of Pages viii, 126 p. :
Other physical details ill.
490 1# - SERIES STATEMENT
Series statement Academic's support kit
650 #0 - SUBJECT ADDED ENTRY--TOPICAL TERM
Topical Term Scholarly publishing.
Topical Term Academic writing.
Topical Term College teachers
700 1# - ADDED ENTRY--PERSONAL NAME
Personal name Kenway, Jane.
Personal name Boden, Rebecca,
856 40 - ELECTRONIC LOCATION AND ACCESS
Uniform Resource Identifier http://site.ebrary.com/lib/rucke/Doc?id=10288010

No items available.

© 2026 Rongo University
Contact us: librarian | system librarian | Rongo university